Guess the 1960s song lyrics #306 - Statistics

General Stats
  • This quiz has been taken 15 times
  • The average score is 124 of 218
Answer Stats
Answer % Correct
a
100%
And
92%
and
92%
I
92%
me
92%
you
92%
in
85%
so
85%
can't
77%
it
77%
my
77%
the
77%
for
69%
I'm
69%
is
69%
Like
69%
need
69%
see
69%
that
69%
Then
69%
to
69%
want
69%
all
62%
it's
62%
make
62%
on
62%
time
62%
With
62%
You're
62%
girl
54%
Girl
54%
just
54%
mine
54%
some
54%
But
46%
head
46%
heart
46%
making
46%
told
46%
you've
46%
got
38%
had
38%
how
38%
knew
38%
never
38%
spin
38%
call
31%
close
31%
get
31%
help
31%
saw
31%
spinning
31%
Cause
23%
Dizzy
23%
dizzy
23%
doctor
23%
hard
23%
playing
23%
round
23%
talk
23%
around
15%
began
15%
ends
15%
felt
15%
going
15%
held
15%
keep
15%
kissed
15%
melt
15%
whirlpool
15%
control
8%
exactly
8%
fellas
8%
First
8%
hangin
8%
pet
8%
sweet
8%
Tommy Roe
8%
circles
0%
finally
0%
No matching quizzes found
Score Distribution
Percent of People with Each Score
Percentile by Number Answered
Your Score History
You have not taken this quiz